01086 2200361 4500001002100000005001500021035002000036007000300056008004100059020002200100040002200122082001200144084001400156090001800170090002200188100002700210245010800237250002600345300005300371650002100424700002300445700002800468700002700496850001200523041000800535504002900543264003400572336002100606337003000627338002300657999002200680990002200702INLIS00000000084566420200212093136 a0010-0419000523ta190409c2017 yoia b | ind d a978-979-21-5356-9 aYOPDYOGbinderda04223a372 a372 MAR b aDEP 372 MAR b aCB-D.11 2017-29200 aMargaretha M.epenulis1 aBuku tematik keluargaku :buntuk SD kelas I semester 1 /coleh, Margaretha M, Tri Utami, Paulina Juju J aCetakan pertama, 2017 a182 halaman, jilid 1 :bgambar, diagram ;c26 cm 4aPendidikan dasar0 aTri Utamiepenulis0 aPaulina Juju Jepenulis0 aErni Setyowatieeditor aYOPDYOG0 aind aBibliografi: halaman 18231aYogyakarta :bKanisius,c2017 2rdacontentateks 2rdamediaatanpa perantara 2rdacarrieravolume aCB-D.11/2017-2920 aCB-D.11/2017-2920